| 000 | 00364nam a22001337a 4500 | ||
|---|---|---|---|
| 020 | _a9781489992482 | ||
| 040 | _cNUST | ||
| 082 |
_a620.105 _bDYM |
||
| 100 |
_a Dym, Clive L. _942677 |
||
| 110 |
_aShames, Irving Herman _983777 |
||
| 245 |
_aSolid Mechanics: _bA Variational Approach Augmented Edition |
||
| 260 |
_aNew York: _bSpringer, _c2013. |
||
| 942 |
_2ddc _cBK |
||
| 999 |
_c586678 _d586678 |
||